000 00633nam a2200217Ia 4500
005 20241129111318.0
008 241129s9999||||xx |||||||||||||| ||und||
020 _a978-81-19196-84-5
037 _aTB
040 _aCRL
_beng
_cCRL
041 _aeng
_2eng
084 _aO111,1:g R3
_qCRL
100 _aJoshi Prakash Au.
245 0 _aPath to liberation from known to unknown
_cJoshi Prakash Au.
260 _aDelhi, India
_bMotilal Banarsidass International
_c2023
300 _a232p.
365 _aINR
_b595
650 _aEnglish LiteraturePoetry
_9726219
942 _cTB
_hO111,1:g R3
999 _c1229870
_d1229870